Wanita muslimah dan cara mengatasi budaya Barat / (Record no. 976)
[ view plain ]
| 000 -LEADER | |
|---|---|
| fixed length control field | nam a22 a 4500 |
| 003 - CONTROL NUMBER IDENTIFIER | |
| control field | AKMAL |
| 005 - DATE AND TIME OF LATEST TRANSACTION | |
| control field | 20170508101716.0 |
| 008 - FIXED-LENGTH DATA ELEMENTS--GENERAL INFORMATION | |
| fixed length control field | 170508s1989 my e 000 0 may d |
| 020 ## - INTERNATIONAL STANDARD BOOK NUMBER | |
| Terms of availability | Rgt. 2.00 (kkt.) |
| 040 ## - CATALOGING SOURCE | |
| Original cataloging agency | AKMAL |
| Transcribing agency | AKMAL |
| 082 04 - DEWEY DECIMAL CLASSIFICATION NUMBER | |
| Classification number | 297.22 WAL |
| Edition number | 21 |
| 090 ## - LOCALLY ASSIGNED LC-TYPE CALL NUMBER (OCLC); LOCAL CALL NUMBER (RLIN) | |
| Classification number (OCLC) (R) ; Classification number, CALL (RLIN) (NR) | 297.22 |
| Local cutter number (OCLC) ; Book number/undivided call number, CALL (RLIN) | WAL |
| 100 1# - MAIN ENTRY--PERSONAL NAME | |
| Personal name | Litfullah, Walid |
| 9 (RLIN) | 2065 |
| 245 10 - TITLE STATEMENT | |
| Title | Wanita muslimah dan cara mengatasi budaya Barat / |
| Statement of responsibility, etc. | Drs. Walid Litfullah |
| 260 ## - PUBLICATION, DISTRIBUTION, ETC. | |
| Place of publication, distribution, etc. | Kuala Lumpur : |
| Name of publisher, distributor, etc. | Pustaka al-Mizan, |
| Date of publication, distribution, etc. | 1989 |
| 300 ## - PHYSICAL DESCRIPTION | |
| Extent | viii, 80ms. ; |
| Dimensions | 20cm. |
| 521 ## - TARGET AUDIENCE NOTE | |
| Target audience note | Peringkat pembaca: Dewasa |
| 650 10 - SUBJECT ADDED ENTRY--TOPICAL TERM | |
| Topical term or geographic name entry element | Muslim women |
| 9 (RLIN) | 2060 |
| 650 20 - SUBJECT ADDED ENTRY--TOPICAL TERM | |
| Topical term or geographic name entry element | Muslim women |
| General subdivision | Conduct of life |
| 9 (RLIN) | 1655 |
| 942 ## - ADDED ENTRY ELEMENTS (KOHA) | |
| Source of classification or shelving scheme | |
| Koha item type | Book |
| Withdrawn status | Lost status | Source of classification or shelving scheme | Damaged status | Not for loan | Collection code | Home library | Current library | Shelving location | Date acquired | Inventory number | Total Checkouts | Full call number | Barcode | Date last seen | Price effective from | Koha item type |
|---|---|---|---|---|---|---|---|---|---|---|---|---|---|---|---|---|
| NON-FICTION | AKMAL Melaka | AKMAL Melaka | PINJAMAN | 08.05.2017 | 00474 | 297.22 WAL | 201702028 | 08.05.2017 | 08.05.2017 | Book |
